000 00507nam a2200121Ia 4500
008 220616s9999||||xx |||||||||||||| ||und||
100 _aKłos, Jan
245 0 _aHeart Speaks unto Heart
_bOn the Kinship of Spirit and Thought: John Henry Newman and Edith Stein
546 _aEnglish[eng]
650 _aPhilosophy||19th & 20th Century Philosophy||Ethics & Moral Philosophy||Social & Political Philosophy
856 _uhttps://library.oapen.org/bitstream/20.500.12657/50789/1/9789004466227.pdf
942 _cEB
999 _c20634
_d20634